000 00721nam a2200253Ia 4500
003 OSt
005 20220926012935.0
006 a|||||r|||| 00| 0
007 ta
008 220923b |||||||| |||| 00| 0 eng d
037 _cGeneral Book
040 _aRTL
_cRTL
_beng
041 _2eng
_aeng
082 _aX:8F, L1
100 _aFertig Paul E
_9317610
245 0 _aUsing accounting information
_b An introduction
250 _a2ed
260 _aNew York
_bHarcourt Brace USA
_c1971
300 _axiii, 770p. Glossary p748-56
_ccm.
490 _aHarbrace series in business and economics
650 _aBudgeting
942 _hX:8F, L1
_cGB
_2CC
999 _c624777
_d624777